• 首页
  • 本馆介绍
  • 公告通知
  • 最新文献
  • 馆藏检索
  • 电子资源
  • 读者导购
  • 参考咨询
  • 我的图书馆
  • 登录
  • 详细信息显示
  • 放入我的书架
  • 预约/预借图书
  • 作者相关作品
  • 分类相关作品
  • 丛书相关作品
  • 出版社相关作品

书目信息

  • 表格格式
  • 工作单格式
  • 卡片格式
题名:
UGNX7.0装配与运动仿真实例教程
    
 
作者: 曹岩 主编
分册:  
出版信息: 西安   西北工业大学出版社  2010
页数: 256页
开本: 26cm
丛书名:
单 册:
中图分类: TH122
科图分类:
主题词: 机械设计:计算机辅助设计--应用软件
电子资源:
ISBN: 978-7-5612-2908-8
000 00650nam0 2200217 450
001 3687
005 20160926154111.54
010    @a978-7-5612-2908-8@b平装@dCNY32.00
100    @a20021125d2006 em y0chiy50 ea
101 0  @achi
102    @aCN@b610000
105    @ay z 000yy
200 1  @aUGNX7.0装配与运动仿真实例教程@f曹岩主编
210    @a西安@c西北工业大学出版社@d2010
215    @a256页@c图@d26cm
330    @a本书结合大量实例,详细介绍了常用涌动机械的建模装配与运动仿真
606 0  @a机械设计:计算机辅助设计@x应用软件
690    @aTH122@v5
701  0 @a曹岩@4主编
801  0 @aCN@b唐山师范学院图书馆@c20151001
905    @aZUCC@dTH122@e108
    
    UGNX7.0装配与运动仿真实例教程/曹岩主编.-西安:西北工业大学出版社,2010
    256页:图;26cm
    
    
    ISBN 978-7-5612-2908-8(平装):CNY32.00
    本书结合大量实例,详细介绍了常用涌动机械的建模装配与运动仿真
●
相关链接 在E读中查询图书 在五车中查询图书 在当当中查询图书 在豆瓣中查询图书


正题名:UGNX7.0装配与运动仿真实例教程     索取号:TH122/108         预约/预借

序号 登录号 条形码 馆藏地/架位号 状态 备注
1 905801   209058017   第二样本阅览室/ [索取号:TH122/108] 在馆    
2 905802   209058026   第三借阅区/ [索取号:TH122/108] 在馆    
3 905803   209058035   第三借阅区/ [索取号:TH122/108] 在馆    
4 905804   209058044   第三借阅区/ [索取号:TH122/108] 在馆    
5 905805   209058053   第三借阅区/ [索取号:TH122/108] 在馆    
唐山师范学院图书馆 欢迎您!
大连网信软件有限公司© 版权所有